Le génie des religions les origines

Na minha lista:
Detalhes bibliográficos
Autor principal: Descamps, Baron
Formato: Livro
Idioma:Undetermined
Publicado em: París, Francia Félix Alcan 1930
Assuntos:
Tags: Adicionar Tag
Sem tags, seja o primeiro a adicionar uma tag!

MARC

LEADER 00000nam a2200000Ia 4500
008 170316s9999 xx 000 0 und d
090 |a 100 D-18g 
100 |a Descamps, Baron 
245 |a Le génie des religions les origines 
260 |a París, Francia 
260 |b Félix Alcan 
260 |c 1930 
300 |a 539 páginas 
650 |a FILOSOFÍA 
999 |c 16016  |d 16016 
040 |a cru BVZT 
942 |c 15 D  |h 100 D-18g  |2 z